[Event "Battle at the Border"]
[Site "Lloydminster"]
[Date "2007.10.20"]
[Round "1"]
[White "Nolan, Pat"]
[Black "Moshynsky, Igor"]
[Result "0-1"]
[WhiteElo "1445"]
[BlackElo "1594"]
[PlyCount "68"]
[EventDate "2007.10.20"]
[EventType "swiss"]
[EventRounds "4"]
[EventCountry "CAN"]

1. d4 d5 2. Nf3 Bf5 3. c4 Nf6 4. Nc3 e6 5. Bg5 Be7 6. e3 Ne4 7. Bxe7 Qxe7 8.
Nxe4 Bxe4 9. a3 Nd7 10. Bd3 Bxd3 11. Qxd3 dxc4 12. Qxc4 c6 13. O-O O-O 14. Rac1
Rad8 15. Qb3 Nf6 16. Ne5 Rd5 17. f4 Ne4 18. Qd1 c5 19. Rc4 f6 20. Nd3 b5 21.
Rc2 cxd4 22. Qf3 f5 23. exd4 Rxd4 24. Qe3 Rfd8 25. Ne5 Rd1 26. Nc6 Qd6 27. Qe2
Rxf1+ 28. Kxf1 Qxf4+ 29. Qf3 Nd2+ 30. Rxd2 Qxd2 31. Nxd8 Qxd8 32. Qe2 Qd7 33.
Kf2 a6 34. Kf3 Kf7 0-1

[Event "Battle at the Border"]
[Site "Lloydminster"]
[Date "2007.10.20"]
[Round "1"]
[White "Pedersen, Rick"]
[Black "Sasata, Robert"]
[Result "0-1"]
[WhiteElo "1967"]
[BlackElo "2350"]
[PlyCount "84"]
[EventDate "2007.10.20"]
[EventType "swiss"]
[EventRounds "4"]
[EventCountry "CAN"]

1. e4 e5 2. Nf3 Nc6 3. Bb5 f5 4. Qe2 Nf6 5. exf5 d6 6. c4 Be7 7. d4 e4 8. Ne5
dxe5 9. dxe5 O-O 10. Bxc6 bxc6 11. O-O Bxf5 12. exf6 Bxf6 13. Nd2 e3 14. Qxe3
Bd4 15. Qg3 Bd3 16. Nf3 Bxf1 17. Bg5 Qd7 18. Rxf1 Bxb2 19. Be3 Rf6 20. Qh4 Qd3
21. Nd2 Re8 22. Qg4 Rfe6 23. Qf3 Bc3 24. Nb3 Qxc4 25. Rc1 Qb4 26. h4 Bb2 27.
Rb1 Qa3 28. Qe2 Bf6 29. g3 Qb4 30. Qc2 Qg4 31. Bf4 Qf3 32. Rf1 Qd5 33. Be3 a5
34. Nc5 R6e7 35. Nd3 Qf3 36. Ne1 Qe4 37. Qc5 Qd5 38. Qc2 Bd4 39. Bxd4 Qxd4 40.
Nf3 Qd5 41. Ng5 g6 42. Rd1 Re1+ 0-1

[Event "Battle at the Border"]
[Site "Lloydminster"]
[Date "2007.10.20"]
[Round "1"]
[White "Soerensen, Lyndon"]
[Black "Hughey, Micah"]
[Result "0-1"]
[WhiteElo "1862"]
[BlackElo "2120"]
[PlyCount "96"]
[EventDate "2007.10.20"]
[EventType "swiss"]
[EventRounds "4"]
[EventCountry "CAN"]

1. d4 d5 2. Nc3 Nf6 3. Bg5 Nbd7 4. Nf3 h6 5. Bh4 c5 6. dxc5 e6 7. e3 Bxc5 8.
Qd2 Qa5 9. a3 Bb4 10. Qd4 Bxc3+ 11. Qxc3 Qxc3+ 12. bxc3 Nb6 13. Ne5 Nfd7 14.
Nf3 O-O 15. Be7 Re8 16. Bd6 Nf6 17. Bc7 Nc4 18. Bd3 Bd7 19. Ne5 Rac8 20. Nxd7
Rxc7 21. Nxf6+ gxf6 22. a4 Rec8 23. e4 dxe4 24. Bxe4 f5 25. Bd3 Ne5 26. Ke2
Rxc3 27. Rhb1 R8c7 28. Rb4 Nxd3 29. cxd3 Rc2+ 30. Ke3 Kg7 31. Rg1 e5 32. f4 f6
33. h3 Kg6 34. g4 Rh2 35. fxe5 Rxh3+ 36. Kf4 Rh4 37. exf6 Kxf6 38. Rd4 h5 39.
Rd5 fxg4 40. Rf5+ Kg6 41. Rg3 Rf7 42. Rxf7 Kxf7 43. Re3 Rh3 44. Re5 Rxd3 45.
Rxh5 Rd4+ 46. Kf5 Rd5+ 47. Kxg4 Rxh5 48. Kxh5 Kf6 0-1

[Event "Battle at the Border"]
[Site "Lloydminster"]
[Date "2007.10.20"]
[Round "1"]
[White "Steer, David"]
[Black "Johnson, Ron"]
[Result "1-0"]
[WhiteElo "1587"]
[BlackElo "1420"]
[PlyCount "27"]
[EventDate "2007.10.20"]
[EventType "swiss"]
[EventRounds "4"]
[EventCountry "CAN"]

1. e4 e5 2. Nf3 Nc6 3. Bb5 a6 4. Bxc6 dxc6 5. O-O f6 6. d4 exd4 7. Nxd4 Qd6 8.
f4 Bd7 9. e5 Qc5 10. e6 Bxe6 11. Kh1 O-O-O 12. Nxe6 Rxd1 13. Rxd1 Bd6 14. Nxc5
1-0

[Event "Battle at the Border"]
[Site "Lloydminster"]
[Date "2007.10.20"]
[Round "1"]
[White "Wallace, Francis"]
[Black "Janzen, Tyler"]
[Result "0-1"]
[WhiteElo "1135"]
[BlackElo "1489"]
[PlyCount "46"]
[EventDate "2007.10.20"]
[EventType "swiss"]
[EventRounds "4"]
[EventCountry "CAN"]

1. e4 e6 2. Nc3 c5 3. d3 Nc6 4. Nf3 Be7 5. Be3 d5 6. d4 Nf6 7. Bd3 Qb6 8. b3
Bd7 9. e5 Ng4 10. Qd2 cxd4 11. Na4 dxe3 12. fxe3 Qxe3+ 13. Be2 Qxd2+ 14. Kxd2
Ncxe5 15. Nc3 Nxf3+ 16. gxf3 Nh6 17. Rhg1 Bf6 18. Nxd5 exd5 19. Rab1 O-O 20.
Kd3 Bb5+ 21. c4 dxc4+ 22. bxc4 Ba6 23. f4 Rad8+ 0-1

[Event "Battle at the Border"]
[Site "Lloydminster"]
[Date "2007.10.20"]
[Round "1"]
[White "Willoughby, Jeff"]
[Black "Zeggelaar, Mike"]
[Result "0-1"]
[WhiteElo "1387"]
[BlackElo "1528"]
[PlyCount "56"]
[EventDate "2007.10.20"]
[EventType "swiss"]
[EventRounds "4"]
[EventCountry "CAN"]

1. e4 e5 2. Nf3 Nc6 3. Bc4 Nf6 4. Nc3 Bc5 5. O-O O-O 6. a3 Nxe4 7. Nxe4 d5 8.
Nxc5 dxc4 9. h3 Qd5 10. Na4 e4 11. Nc3 Qe6 12. Ng5 Qg6 13. Ngxe4 Bxh3 14. Qf3
Bf5 15. Qe3 Rfe8 16. d3 cxd3 17. cxd3 Rad8 18. Rd1 Bxe4 19. dxe4 Rxd1+ 20. Nxd1
Rxe4 21. Qc3 Ne5 22. Kf1 Qa6+ 23. Kg1 Qg6 24. Bf4 Re1+ 25. Kh2 Ng4+ 26. Kg3
Ne3+ 27. Kf3 Qg4+ 28. Ke4 Nxd1+ 0-1

[Event "Battle at the Border"]
[Site "Lloydminster"]
[Date "2007.10.20"]
[Round "2"]
[White "Blum, Roger"]
[Black "Steer, David"]
[Result "1/2-1/2"]
[WhiteElo "1864"]
[BlackElo "1587"]
[PlyCount "141"]
[EventDate "2007.10.20"]
[EventType "swiss"]
[EventRounds "4"]
[EventCountry "CAN"]

1. e4 e5 2. Nf3 Nc6 3. Bb5 a6 4. Bxc6 dxc6 5. O-O Bg4 6. h3 h5 7. d3 Qf6 8. Be3
Bxf3 9. Qxf3 Qxf3 10. gxf3 Bd6 11. Nd2 Ne7 12. Nc4 Ng6 13. Kh2 Kd7 14. Rg1 Rag8
15. Rg5 Nh4 16. Rg3 f6 17. Kh1 g5 18. Nd2 c5 19. Kg1 Ke6 20. Kf1 Ng6 21. Nb3 b6
22. a4 a5 23. Rd1 Ne7 24. Ke2 Nc6 25. c3 Rd8 26. h4 gxh4 27. Rh3 f5 28. exf5+
Kxf5 29. Rxh4 Be7 30. Rh3 h4 31. Nd2 Rhg8 32. Nf1 Bf6 33. Nh2 c4 34. dxc4 Rxd1
35. Kxd1 Rg1+ 36. Kd2 Rh1 37. c5 Bd8 38. cxb6 cxb6 39. Kd3 Nb8 40. Kc4 Ke6 41.
Kb5 Nd7 42. b4 Kd6 43. bxa5 bxa5 44. f4 e4 45. f5 Rb1+ 46. Kc4 Ke5 47. f6 Nxf6
48. Rxh4 Ra1 49. Bd4+ Kf5 50. Rh8 Be7 51. Kb5 Rb1+ 52. Kxa5 Nd5 53. Rh5+ Ke6
54. Re5+ Kd6 55. Ng4 Bd8+ 56. Ka6 Nc7+ 57. Ka7 Ra1 58. a5 Nd5 59. a6 Nc7 60.
Bc5+ Kc6 61. Kb8 Nxa6+ 62. Kc8 Bc7 63. Bd4 Bxe5 64. Nxe5+ Kd5 65. f3 e3 66. Nd3
e2 67. Nf4+ Kc4 68. Nxe2 Rf1 69. f4 Nc5 70. Be5 Ne4 71. Bd4 1/2-1/2

[Event "Battle at the Border"]
[Site "Lloydminster"]
[Date "2007.10.20"]
[Round "2"]
[White "Danner, Jason"]
[Black "Pedersen, Rick"]
[Result "0-1"]
[WhiteElo "1739"]
[BlackElo "1967"]
[PlyCount "37"]
[EventDate "2007.10.20"]
[EventType "swiss"]
[EventRounds "4"]
[EventCountry "CAN"]

1. c4 g6 2. Nc3 Bg7 3. Nf3 c5 4. g3 Nc6 5. Bg2 d6 6. d3 f5 7. O-O Nf6 8. Rb1
O-O 9. d4 e5 10. dxe5 dxe5 11. Bg5 Be6 12. Nd5 e4 13. Bxf6 Bxf6 14. Nxf6+ Qxf6
15. Nd2 Rad8 16. b3 Qc3 17. Nxe4 fxe4 18. Qc1 Qxc1 19. Rbxc1 0-1

[Event "Battle at the Border"]
[Site "Lloydminster"]
[Date "2007.10.20"]
[Round "2"]
[White "Janzen, Tyler"]
[Black "Soerensen, Lyndon"]
[Result "0-1"]
[WhiteElo "1489"]
[BlackElo "1862"]
[PlyCount "74"]
[EventDate "2007.10.20"]
[EventType "swiss"]
[EventRounds "4"]
[EventCountry "CAN"]

1. d4 b5 2. e4 Bb7 3. f3 a6 4. c4 b4 5. Bd2 e6 6. a3 a5 7. axb4 Bxb4 8. Nc3 c5
9. Nb5 d6 10. Bxb4 cxb4 11. Qa4 Kf8 12. d5 Nh6 13. Rd1 exd5 14. cxd5 Na6 15.
Nh3 Nc5 16. Qc2 Qb6 17. Qf2 Ba6 18. Nd4 Bxf1 19. Qxf1 a4 20. Qb5 Qxb5 21. Nxb5
a3 22. bxa3 bxa3 23. Nd4 Ra4 24. O-O g6 25. Nf4 Ke7 26. Nfe2 Rha8 27. Ra1 a2
28. Rfd1 Ng8 29. Rd2 Nf6 30. Nc1 Rc4 31. Ncb3 Nxb3 32. Nxb3 Rb4 33. Rd3 Nd7 34.
Rc3 Nc5 35. Nd2 Rb2 36. Kf2 Rxd2+ 37. Kg3 Rb2 0-1

[Event "Battle at the Border"]
[Site "Lloydminster"]
[Date "2007.10.20"]
[Round "2"]
[White "MacKinnon, Keith"]
[Black "Achtemichuk, Chris"]
[Result "1-0"]
[WhiteElo "2056"]
[BlackElo "1749"]
[PlyCount "59"]
[EventDate "2007.10.20"]
[EventType "swiss"]
[EventRounds "4"]
[EventCountry "CAN"]

1. e4 e5 2. Nf3 Nc6 3. Bb5 a6 4. Bxc6 dxc6 5. O-O Bg4 6. h3 h5 7. d3 Bd6 8.
Nbd2 Qf6 9. Re1 Ne7 10. d4 O-O-O 11. hxg4 hxg4 12. Nxe5 Rh1+ 13. Kxh1 Qh4+ 14.
Kg1 Bxe5 15. dxe5 Ng6 16. Nf1 Rxd1 17. Rxd1 Nxe5 18. Bf4 Qf6 19. Be3 Qh4 20.
Bf4 Qf6 21. Bg3 b6 22. Ne3 Qe6 23. Rd2 g6 24. Rad1 f6 25. b3 Nf7 26. Rd7 Nd6
27. Rg7 Ne8 28. Rxg6 Qxe4 29. Rxg4 f5 30. Rxe4 1-0

[Event "Battle at the Border"]
[Site "Lloydminster"]
[Date "2007.10.20"]
[Round "2"]
[White "Monaghan, Jim"]
[Black "Bjerke, Silje"]
[Result "1/2-1/2"]
[WhiteElo "2090"]
[BlackElo "2186"]
[PlyCount "71"]
[EventDate "2007.10.20"]
[EventType "swiss"]
[EventRounds "4"]
[EventCountry "CAN"]

1. Nf3 Nf6 2. c4 e6 3. b3 Be7 4. Bb2 O-O 5. g3 d5 6. Bg2 c5 7. O-O Nc6 8. cxd5
Nxd5 9. d4 Bf6 10. e4 Nc7 11. e5 Be7 12. dxc5 Bxc5 13. Qe2 Nb4 14. Rd1 Nbd5 15.
a3 Bd7 16. b4 Be7 17. Nbd2 Rc8 18. Ne4 Nb5 19. Rac1 Rxc1 20. Rxc1 Nb6 21. Rd1
Na4 22. Ba1 Nxa3 23. h4 Bb5 24. Qe1 Qb6 25. Nf6+ Bxf6 26. exf6 Rd8 27. Rxd8+
Qxd8 28. Qc1 gxf6 29. Qxa3 e5 30. Kh2 Bc6 31. Qc1 Qd3 32. Ne1 Qe2 33. Bxc6 bxc6
34. Ng2 Qxf2 35. Qe3 Qa2 36. Bxe5 1/2-1/2

[Event "Battle at the Border"]
[Site "Lloydminster"]
[Date "2007.10.20"]
[Round "2"]
[White "Regimbald, Adrien"]
[Black "Moshynsky, Igor"]
[Result "1-0"]
[WhiteElo "1967"]
[BlackElo "1594"]
[PlyCount "55"]
[EventDate "2007.10.20"]
[EventType "swiss"]
[EventRounds "4"]
[EventCountry "CAN"]

1. c4 e5 2. Nc3 Nc6 3. g3 f5 4. Bg2 Nf6 5. d3 Be7 6. Nf3 d6 7. O-O Be6 8. Qa4
O-O 9. b4 Qc8 10. b5 Nd8 11. Ng5 h6 12. Nxe6 Nxe6 13. e3 Ng5 14. f4 Ne6 15. Ba3
Ng4 16. Rae1 exf4 17. exf4 Bf6 18. Nd5 Bd4+ 19. Kh1 Kh8 20. Qc2 Qe8 21. h3 Qh5
22. Rxe6 Rae8 23. Rxe8 Rxe8 24. Bb2 Nf2+ 25. Rxf2 Bxf2 26. Qxf2 Qd1+ 27. Kh2
Re2 28. Qd4 1-0

[Event "Battle at the Border"]
[Site "Lloydminster"]
[Date "2007.10.20"]
[Round "2"]
[White "Robinson, Steve"]
[Black "Carverhill, Nic"]
[Result "0-1"]
[WhiteElo "1453"]
[BlackElo "1370"]
[PlyCount "58"]
[EventDate "2007.10.20"]
[EventType "swiss"]
[EventRounds "4"]
[EventCountry "CAN"]

1. d4 d5 2. c4 e6 3. Nc3 c5 4. Nf3 Nf6 5. Bg5 Nbd7 6. e3 h6 7. Bh4 g5 8. Bg3
Qb6 9. Nb5 Ke7 10. Bd6+ Ke8 11. Nc7+ Kd8 12. Nxa8 Qxd6 13. Qa4 Qb8 14. Qa5+ b6
15. Nxb6 Qxb6 16. Qxb6+ axb6 17. cxd5 exd5 18. Be2 g4 19. Nd2 h5 20. Rc1 Nh7
21. Nb3 c4 22. Nd2 b5 23. O-O f5 24. b3 Bg7 25. f4 Re8 26. bxc4 Rxe3 27. Rfe1
Bxd4 28. Kh1 bxc4 29. Nb1 Re4 0-1

[Event "Battle at the Border"]
[Site "Lloydminster"]
[Date "2007.10.20"]
[Round "2"]
[White "Sasata, Robert"]
[Black "Hughey, Micah"]
[Result "1-0"]
[WhiteElo "2350"]
[BlackElo "2120"]
[PlyCount "149"]
[EventDate "2007.10.20"]
[EventType "swiss"]
[EventRounds "4"]
[EventCountry "CAN"]

1. Nf3 d5 2. c4 e6 3. e3 Nf6 4. d4 c5 5. a3 a6 6. dxc5 Bxc5 7. b4 Ba7 8. Bb2
O-O 9. Nbd2 Nc6 10. Be2 Qe7 11. O-O Rd8 12. Qb3 dxc4 13. Nxc4 b5 14. Nce5 Nxe5
15. Bxe5 Bb7 16. Rac1 Rac8 17. Qb2 Ne8 18. Rxc8 Rxc8 19. Rd1 f6 20. Bd4 Bxd4
21. Nxd4 Bd5 22. Nb3 Bxb3 23. Qxb3 Nd6 24. f3 Nc4 25. Kf2 Kf7 26. g3 Rc6 27.
Rd4 Nb6 28. f4 Rd6 29. Qd3 Rxd4 30. Qxd4 Qc7 31. h4 Ke7 32. Qe4 g6 33. h5 Kf7
34. Bd3 f5 35. Qd4 gxh5 36. Qh8 Kg6 37. Qg8+ Kf6 38. Be2 Nd5 39. Bxh5 Qg7 40.
Qe8 Qe7 41. Qa8 Nc7 42. Qh8+ Qg7 43. Qc8 Qe7 44. Qh8+ Qg7 45. Qd8+ Qe7 46. Qd4+
e5 47. Qc3 Nd5 48. Qc6+ Qe6 49. fxe5+ Kxe5 50. Qc5 Qb6 51. Qc1 h6 52. Bf3 Kd6
53. Qd2 Qc6 54. Kg2 Qc4 55. e4 Qc2 56. Qxc2 Ne3+ 57. Kh3 Nxc2 58. exf5 Ke5 59.
g4 Kf6 60. Kh4 Nxa3 61. Be4 Nc4 62. Kh5 Ne5 63. Bb7 Kg7 64. Bxa6 Nd3 65. f6+
Kxf6 66. Kxh6 Kf7 67. Bxb5 Nxb4 68. Bc4+ Kf8 69. g5 Nc6 70. g6 Ne7 71. g7+ Ke8
72. Kg5 Kd7 73. Kf6 Ke8 74. Be6 Kd8 75. Kf7 1-0

[Event "Battle at the Border"]
[Site "Lloydminster"]
[Date "2007.10.20"]
[Round "2"]
[White "Wallace, Francis"]
[Black "Nolan, Pat"]
[Result "0-1"]
[WhiteElo "1135"]
[BlackElo "1445"]
[PlyCount "40"]
[EventDate "2007.10.20"]
[EventType "swiss"]
[EventRounds "4"]
[EventCountry "CAN"]

1. e4 c5 2. Nf3 d6 3. Bb5+ Nc6 4. d4 cxd4 5. Nxd4 Bd7 6. Bg5 Nf6 7. Nd2 Nxd4 8.
Bxd7+ Qxd7 9. O-O e5 10. c3 Ne6 11. Be3 Be7 12. b4 O-O 13. a4 d5 14. b5 Rfd8
15. b6 Bc5 16. a5 Bxe3 17. fxe3 a6 18. Rxf6 gxf6 19. Qg4+ Ng7 20. Qxd7 Rxd7 0-1

[Event "Battle at the Border"]
[Site "Lloydminster"]
[Date "2007.10.20"]
[Round "2"]
[White "Willoughby, Jeff"]
[Black "Corsmeier, Tom"]
[Result "0-1"]
[WhiteElo "1387"]
[BlackElo "1495"]
[PlyCount "70"]
[EventDate "2007.10.20"]
[EventType "swiss"]
[EventRounds "4"]
[EventCountry "CAN"]

1. e4 c5 2. Nf3 Nc6 3. Bb5 Nf6 4. d3 Nd4 5. Nxd4 cxd4 6. Bc4 e5 7. O-O a6 8. a3
b5 9. Ba2 d5 10. f3 Be6 11. Bg5 Be7 12. c3 dxc3 13. Nxc3 Qb6+ 14. Kh1 d4 15.
Ne2 Bxa2 16. Rxa2 h6 17. Bxf6 Bxf6 18. f4 O-O 19. Ng3 g6 20. f5 Bg5 21. Ne2
Rac8 22. g3 gxf5 23. Rxf5 f6 24. b4 Qe6 25. Rb2 Kh7 26. Qb3 Qxb3 27. Rxb3 Rc2
28. Rf2 Be3 29. Rg2 f5 30. exf5 Rxf5 31. h4 Rf2 32. Rxf2 Bxf2 33. Nxd4 exd4 34.
Kg2 Kg6 35. Kf3 h5 0-1

[Event "Battle at the Border"]
[Site "Lloydminster"]
[Date "2007.10.20"]
[Round "2"]
[White "Yearwood, Roy"]
[Black "Gardner, Robert"]
[Result "0-1"]
[WhiteElo "2117"]
[BlackElo "2260"]
[PlyCount "52"]
[EventDate "2007.10.20"]
[EventType "swiss"]
[EventRounds "4"]
[EventCountry "CAN"]

1. d4 Nf6 2. c4 e6 3. Nc3 Bb4 4. Nf3 b6 5. e3 Bb7 6. Be2 Ne4 7. Qc2 O-O 8. O-O
Bxc3 9. bxc3 f5 10. Rd1 d6 11. d5 exd5 12. cxd5 Nd7 13. Ne1 Qh4 14. Bf1 Ne5 15.
f3 Ng5 16. Rb1 Rf6 17. Rb4 Qh5 18. Rf4 Rg6 19. Kh1 Rh6 20. h3 Ng6 21. Ra4 Bc8
22. f4 Ne4 23. Bb5 Qxd1 24. Rxe4 Qxe1+ 25. Kh2 fxe4 26. Qxe4 Bxh3 0-1

[Event "Battle at the Border"]
[Site "Lloydminster"]
[Date "2007.10.20"]
[Round "2"]
[White "Zeggelaar, Mike"]
[Black "McIntyre, John"]
[Result "0-1"]
[WhiteElo "1528"]
[BlackElo "1891"]
[PlyCount "74"]
[EventDate "2007.10.20"]
[EventType "swiss"]
[EventRounds "4"]
[EventCountry "CAN"]

1. d4 d5 2. Nf3 Bg4 3. e3 c5 4. Bb5+ Nc6 5. O-O e6 6. c3 Nf6 7. Nbd2 Ne4 8. Qa4
Bd6 9. Bxc6+ bxc6 10. Qxc6+ Kf8 11. Nxe4 dxe4 12. Qxe4 h5 13. Ne5 Bf5 14. Qf3
f6 15. e4 Bg4 16. Ng6+ Kg8 17. Qd3 Rh7 18. h3 Qe8 19. Nf4 g5 20. Ne2 Qg6 21.
dxc5 Bc7 22. hxg4 hxg4 23. Ng3 Qh6 24. f4 gxf4 25. Qc4 Qh2+ 26. Kf2 Qxg3+ 27.
Ke2 Qxg2+ 28. Rf2 Qg3 29. Qxe6+ Rf7 30. Qf5 f3+ 31. Ke1 Qg1+ 32. Rf1 Bg3+ 33.
Kd1 Qxf1+ 34. Kc2 Qe2+ 35. Bd2 Rd8 36. Qxg4+ Kf8 37. Qxg3 Rxd2+ 0-1

[Event "Battle at the Border"]
[Site "Lloydminster"]
[Date "2007.10.21"]
[Round "3"]
[White "Achtemichuk, Chris"]
[Black "Johnson, Ron"]
[Result "1-0"]
[WhiteElo "1749"]
[BlackElo "1420"]
[PlyCount "57"]
[EventDate "2007.10.20"]
[EventType "swiss"]
[EventRounds "4"]
[EventCountry "CAN"]

1. Nf3 d5 2. c4 e6 3. cxd5 Qxd5 4. Nc3 Qd8 5. e4 c5 6. Bc4 Nc6 7. O-O Bd6 8. d4
cxd4 9. Nxd4 Bd7 10. Re1 e5 11. Ndb5 Bb8 12. Be3 Nge7 13. Nd6+ Bxd6 14. Qxd6
O-O 15. Rad1 Bg4 16. f3 Bh5 17. Qc5 Qc8 18. Bg5 Re8 19. Nb5 b6 20. Qe3 Rd8 21.
Rc1 Qb7 22. Red1 Rxd1+ 23. Rxd1 Rd8 24. Rxd8+ Nxd8 25. Qa3 Ndc6 26. Bxe7 Nxe7
27. Qd6 Nc6 28. Bd5 Qc8 29. Bxc6 1-0

[Event "Battle at the Border"]
[Site "Lloydminster"]
[Date "2007.10.21"]
[Round "3"]
[White "Bae, Torstein"]
[Black "Gardner, Robert"]
[Result "1-0"]
[WhiteElo "2383"]
[BlackElo "2260"]
[PlyCount "61"]
[EventDate "2007.10.20"]
[EventType "swiss"]
[EventRounds "4"]
[EventCountry "CAN"]

1. d4 Nf6 2. Bg5 e6 3. e4 c5 4. Nc3 cxd4 5. Qxd4 Nc6 6. Qd2 Bb4 7. a3 Qa5 8.
Bxf6 gxf6 9. Nge2 b5 10. Rd1 Be7 11. Ng3 b4 12. axb4 Bxb4 13. Be2 d6 14. O-O
Bb7 15. Qh6 Bxc3 16. bxc3 Ke7 17. f4 Qxc3 18. Kh1 a5 19. e5 Nxe5 20. fxe5 Qxe5
21. Rb1 Bc6 22. Bf3 Bxf3 23. Rxf3 a4 24. Rb7+ Ke8 25. Qh5 Qxh5 26. Nxh5 a3 27.
Nxf6+ Kf8 28. Ne4 Ra6 29. Rfxf7+ Ke8 30. Nf6+ Kd8 31. Rb8# 1-0

[Event "Battle at the Border"]
[Site "Lloydminster"]
[Date "2007.10.21"]
[Round "3"]
[White "Bjerke, Silje"]
[Black "Chaisson, Terry"]
[Result "1-0"]
[WhiteElo "2186"]
[BlackElo "1809"]
[PlyCount "57"]
[EventDate "2007.10.20"]
[EventType "swiss"]
[EventRounds "4"]
[EventCountry "CAN"]

1. e4 e5 2. Nf3 Nf6 3. Nxe5 d6 4. Nf3 Nxe4 5. Nc3 Nxc3 6. dxc3 Be6 7. Be3 a6 8.
Ng5 Qd7 9. Nxe6 fxe6 10. Qg4 Nc6 11. O-O-O O-O-O 12. f4 g6 13. Qf3 Bg7 14. Bd3
Rhf8 15. Qe2 Bh6 16. Rhf1 Rde8 17. g4 Rf7 18. Bc4 b5 19. Bb3 Na5 20. Qf3 Nxb3+
21. cxb3 Kd8 22. Qa8+ Qc8 23. Qc6 e5 24. g5 Qh3 25. Rf3 Qe6 26. gxh6 exf4 27.
Bb6 Qd7 28. Bxc7+ Qxc7 29. Rxd6+ 1-0

[Event "Battle at the Border"]
[Site "Lloydminster"]
[Date "2007.10.21"]
[Round "3"]
[White "Hughey, Micah"]
[Black "Danner, Jason"]
[Result "1-0"]
[WhiteElo "2120"]
[BlackElo "1739"]
[PlyCount "77"]
[EventDate "2007.10.20"]
[EventType "swiss"]
[EventRounds "4"]
[EventCountry "CAN"]

1. e4 c5 2. c3 d5 3. exd5 Qxd5 4. d4 Nf6 5. Nf3 Nc6 6. Be3 Bf5 7. Be2 e6 8.
dxc5 Qxd1+ 9. Bxd1 Bd3 10. Be2 Bxe2 11. Kxe2 e5 12. b4 a6 13. Nbd2 Nd5 14. Rhc1
f5 15. Nc4 Nxe3 16. fxe3 e4 17. Nd4 g6 18. Rd1 Be7 19. Nxc6 bxc6 20. Nd6+ Kf8
21. a4 Kg7 22. c4 Rhd8 23. Nb7 Rdb8 24. Rd7 Kf6 25. Rc7 Ra7 26. Rxc6+ Kg5 27.
Nd6 Rxb4 28. Ra2 a5 29. Rb6 Bxd6 30. Rxb4 Bxc5 31. Rb5 Bb4 32. c5 Rc7 33. Rc2
Rc6 34. Rc4 Kf6 35. Rb6 Re6 36. Rxe6+ Kxe6 37. c6 Bd6 38. c7 Bxc7 39. Rxc7 1-0

[Event "Battle at the Border"]
[Site "Lloydminster"]
[Date "2007.10.21"]
[Round "3"]
[White "Janzen, Tyler"]
[Black "Regimbald, Adrien"]
[Result "0-1"]
[WhiteElo "1489"]
[BlackElo "1967"]
[PlyCount "50"]
[EventDate "2007.10.20"]
[EventType "swiss"]
[EventRounds "4"]
[EventCountry "CAN"]

1. d4 e6 2. c4 Nf6 3. Nc3 Bb4 4. Bf4 O-O 5. e3 d6 6. Bd3 Nbd7 7. Nf3 h6 8. Qc2
Nh5 9. O-O Bxc3 10. Qxc3 Nxf4 11. exf4 f5 12. Rfe1 Nf6 13. Re3 Bd7 14. h3 b5
15. Rae1 a6 16. Nh4 bxc4 17. Bxc4 Ne4 18. Rxe4 fxe4 19. Qg3 d5 20. Be2 Be8 21.
Qg4 Qd6 22. f5 exf5 23. Nxf5 Qf6 24. Qxg7+ Qxg7 25. Nxg7 Kxg7 0-1

[Event "Battle at the Border"]
[Site "Lloydminster"]
[Date "2007.10.21"]
[Round "3"]
[White "McIntyre, John"]
[Black "Unruh, Doug"]
[Result "1-0"]
[WhiteElo "1891"]
[BlackElo "1487"]
[PlyCount "41"]
[EventDate "2007.10.20"]
[EventType "swiss"]
[EventRounds "4"]
[EventCountry "CAN"]

1. e4 e5 2. Nf3 Nc6 3. d4 Bd6 4. Bc4 h6 5. dxe5 Nxe5 6. Nxe5 Bxe5 7. Bxf7+ Kxf7
8. Qd5+ Kf8 9. Qxe5 d6 10. Qg3 Nf6 11. Nc3 d5 12. e5 Qe7 13. O-O Nd7 14. Nxd5
Qc5 15. Qf3+ Kg8 16. Be3 Qf8 17. Qxf8+ Kxf8 18. e6 Nf6 19. Bc5+ Kg8 20. Nxc7
Rb8 21. Bxa7 1-0

[Event "Battle at the Border"]
[Site "Lloydminster"]
[Date "2007.10.21"]
[Round "3"]
[White "Moshynsky, Igor"]
[Black "Yearwood, Roy"]
[Result "0-1"]
[WhiteElo "1594"]
[BlackElo "2117"]
[PlyCount "35"]
[EventDate "2007.10.20"]
[EventType "swiss"]
[EventRounds "4"]
[EventCountry "CAN"]

1. e4 c5 2. Nc3 Nc6 3. Nf3 g6 4. Bc4 Bg7 5. d3 e6 6. a3 Nge7 7. Bg5 h6 8. Bh4
a6 9. O-O g5 10. Bg3 d5 11. Ba2 f5 12. h3 f4 13. Bh2 O-O 14. Re1 d4 15. Nb1 Kh8
16. Kh1 Rf6 17. g3 e5 18. g4 0-1

[Event "Battle at the Border"]
[Site "Lloydminster"]
[Date "2007.10.21"]
[Round "3"]
[White "Nolan, Pat"]
[Black "Blum, Roger"]
[Result "0-1"]
[WhiteElo "1445"]
[BlackElo "1864"]
[PlyCount "43"]
[EventDate "2007.10.20"]
[EventType "swiss"]
[EventRounds "4"]
[EventCountry "CAN"]

1. d4 Nf6 2. Nf3 b6 3. e3 e6 4. Bd3 Bb7 5. O-O d5 6. Nbd2 c5 7. c3 Bd6 8. Qc2
Nbd7 9. e4 cxd4 10. Nxd4 O-O 11. N4f3 Qc7 12. h3 Nc5 13. Re1 Nxd3 14. Qxd3 dxe4
15. Nxe4 Bxe4 16. Rxe4 Nxe4 17. Qxe4 Rae8 18. Be3 f5 19. Qd3 Rd8 20. Bd4 e5 21.
Be3 e4 22. Qd5+ 0-1

[Event "Battle at the Border"]
[Site "Lloydminster"]
[Date "2007.10.21"]
[Round "3"]
[White "Pedersen, Rick"]
[Black "Corsmeier, Tom"]
[Result "1-0"]
[WhiteElo "1967"]
[BlackElo "1495"]
[PlyCount "49"]
[EventDate "2007.10.20"]
[EventType "swiss"]
[EventRounds "4"]
[EventCountry "CAN"]

1. e4 c5 2. Nf3 Nc6 3. d4 cxd4 4. Nxd4 g6 5. Nc3 Bg7 6. Be3 Nf6 7. f4 Qa5 8.
Nb3 Qd8 9. e5 Ng8 10. Qf3 Nh6 11. O-O-O d6 12. h3 Nf5 13. Bf2 h5 14. Bc4 Bd7
15. Ne4 dxe5 16. Nec5 Ncd4 17. Nxd4 exd4 18. Qd5 e6 19. Rhe1 O-O 20. Qxd7 Qf6
21. Nxe6 d3 22. c3 Rfe8 23. Qxd3 fxe6 24. Qe4 Kh7 25. Rd7 1-0

[Event "Battle at the Border"]
[Site "Lloydminster"]
[Date "2007.10.21"]
[Round "3"]
[White "Steer, David"]
[Black "Monaghan, Jim"]
[Result "0-1"]
[WhiteElo "1587"]
[BlackElo "2090"]
[PlyCount "106"]
[EventDate "2007.10.20"]
[EventType "swiss"]
[EventRounds "4"]
[EventCountry "CAN"]

1. e4 c5 2. Nf3 d6 3. d4 cxd4 4. Nxd4 Nf6 5. Nc3 e6 6. Bb5+ Nbd7 7. O-O Be7 8.
f4 O-O 9. Kh1 a6 10. Bd3 Qc7 11. a4 b6 12. Qf3 Bb7 13. Qg3 d5 14. e5 Ne4 15.
Bxe4 dxe4 16. Bd2 Rfd8 17. Rfd1 Nf8 18. f5 Rxd4 19. f6 Bxf6 20. exf6 Qxg3 21.
hxg3 Rad8 22. Be3 Rxd1+ 23. Rxd1 Rxd1+ 24. Nxd1 Nd7 25. fxg7 Kxg7 26. b4 b5 27.
Nb2 Bd5 28. Kh2 f5 29. g4 Nf6 30. Bd4 Kg6 31. gxf5+ exf5 32. Kg3 Nh5+ 33. Kf2
f4 34. axb5 axb5 35. Kg1 Kf5 36. Nd1 Nf6 37. Nc3 Bc6 38. Ne2 Nd5 39. Bc5 Bd7
40. Kf2 Nf6 41. Nd4+ Ke5 42. Nb3 e3+ 43. Kf1 Be6 44. Nd4 Bc4+ 45. Ke1 Nd7 46.
Nf3+ Kf5 47. Ba7 Kg4 48. Bd4 Kg3 49. Ne5 Nxe5 50. Bxe5 Bd5 51. Kf1 Bxg2+ 52.
Kg1 Be4 53. Bc3 Kf3 0-1